[Event "2023 Norbert Muller Cup (Division B)"]
[Site "Woodvale, Perth WA AUS"]
[Date "2023.10.11"]
[Round "1"]
[White "Bhatia, Abhay"]
[Black "Balavignan, Ashvin"]
[Result "0-1"]
[WhiteElo "1745"]
[BlackElo "1683"]
[PlyCount "64"]
[EventDate "2023.10.11"]
[EventType "tourn"]
[EventRounds "7"]
[EventCountry "AUS"]
[TimeControl "3600+30"]

1. e4 e6 2. d4 d5 3. exd5 exd5 4. c4 Nf6 5. cxd5 Nxd5 6. Bc4 Bb4+ 7. Bd2 Bxd2+
8. Nxd2 O-O 9. Ngf3 Re8+ 10. Be2 Nf4 11. Ne5 Nxe2 12. Qxe2 f6 13. Qc4+ Be6 14.
Qb4 fxe5 15. Qxb7 exd4 16. O-O Bd5 17. Qb4 Qg5 18. f3 Re2 19. Rf2 Rxf2 20. Kxf2
Nc6 21. Qb7 Qxd2+ 22. Kg1 Qe3+ 23. Kh1 Re8 24. h3 d3 25. Qb5 Qd4 26. Rd1 d2 27.
Kh2 Bxf3 28. Qb3+ Bd5 29. Qc2 Re2 30. Rg1 Qf4+ 31. Kh1 Bxg2+ 32. Rxg2 Qf1+ 0-1

[Event "2023 Norbert Muller Cup (Division C)"]
[Site "Woodvale, Perth WA AUS"]
[Date "2023.10.11"]
[Round "1"]
[White "Walker, Colin"]
[Black "Hintz, Steven"]
[Result "0-1"]
[WhiteElo "1461"]
[BlackElo "1553"]
[PlyCount "109"]
[EventDate "2023.10.11"]
[EventType "tourn"]
[EventRounds "7"]
[EventCountry "AUS"]
[TimeControl "3600+30"]

1. d4 Nf6 2. Nc3 d5 3. h3 Bf5 4. Bg5 h6 5. Bh4 e6 6. Nf3 Nbd7 7. e3 Be7 8. Bxf6
Nxf6 9. Bb5+ c6 10. Bd3 Bh7 11. O-O O-O 12. Re1 c5 13. Bxh7+ Kxh7 14. dxc5 Bxc5
15. Ne2 Rc8 16. c3 a6 17. Ned4 Qc7 18. Rc1 Qe7 19. Nd2 e5 20. N4b3 Ba7 21. Nf3
Rfd8 22. Kf1 Qe6 23. Qe2 g6 24. Nfd2 Kg7 25. Rc2 Ne8 26. Rec1 b5 27. Nf3 Nd6
28. Nbd2 Nf5 29. a3 Qf6 30. e4 Ne7 31. exd5 Rxd5 32. c4 bxc4 33. Rxc4 Rxc4 34.
Rxc4 Qe6 35. Ne4 f6 36. Nc3 Rc5 37. Rb4 Rc7 38. Ra4 Rc6 39. Re4 Rc5 40. g4 g5
41. Ra4 Rc6 42. Kg2 Ng6 43. Kf1 Nf4 44. Rxf4 exf4 45. Ne4 Qc4 46. Qxc4 Rxc4 47.
Nc3 Bd4 48. Nxd4 Rxd4 49. Ke2 Kf7 50. f3 Ke6 51. Ne4 Ke5 52. Nc5 Rd6 53. Nd3+
Kd4 54. Nb4 Kc4 55. Nc2 0-1

[Event "2023 Norbert Muller Cup (Division C)"]
[Site "Woodvale, Perth WA AUS"]
[Date "2023.10.11"]
[Round "1"]
[White "Boswarva, Ernest"]
[Black "Curtis, Calan"]
[Result "0-1"]
[WhiteElo "1537"]
[BlackElo "1431"]
[PlyCount "74"]
[EventDate "2023.10.11"]
[EventType "tourn"]
[EventRounds "7"]
[EventCountry "AUS"]
[TimeControl "3600+30"]

1. d4 e6 2. e3 d5 3. Bd3 c5 4. c3 Nd7 5. f4 Ngf6 6. Nd2 cxd4 7. exd4 Qc7 8. Nh3
Bd6 9. O-O a5 10. Qe2 b6 11. Nf3 Ne4 12. Nfg5 Ndf6 13. Bb5+ Bd7 14. Bd3 Nxg5
15. Nxg5 h6 16. Nh3 O-O 17. Rf3 Rab8 18. a4 Rfe8 19. Nf2 Nh5 20. Nh3 Qd8 21. g4
e5 22. fxe5 Bxg4 23. Bd2 Qh4 24. Raf1 Bxh3 25. Bh7+ Kxh7 26. Qd3+ Kg8 27. Rxh3
Qg4+ 28. Kh1 Bxe5 29. dxe5 Rxe5 30. Rg1 Qe6 31. Rf3 Re4 32. Qf1 Nf6 33. Rgg3
Ng4 34. h3 Ne5 35. Qg1 g5 36. Bxg5 hxg5 37. Rxg5+ Ng6 {Scoresheet not clear}
0-1

[Event "2023 Norbert Muller Cup (Division C)"]
[Site "Woodvale, Perth WA AUS"]
[Date "2023.10.11"]
[Round "1"]
[White "Sethuraman, Jaswanth Ram"]
[Black "Brooke, John"]
[Result "1-0"]
[WhiteElo "1298"]
[BlackElo "1462"]
[PlyCount "103"]
[EventDate "2023.10.11"]
[EventType "tourn"]
[EventRounds "7"]
[EventCountry "AUS"]
[TimeControl "3600+30"]

1. e4 b6 2. Nf3 Bb7 3. Nc3 e6 4. a3 Ne7 5. d4 Ng6 6. Be2 Be7 7. O-O O-O 8. Be3
d6 9. Qd2 e5 10. dxe5 dxe5 11. Qxd8 Rxd8 12. Rad1 Nc6 13. Nd5 Bd6 14. b4 Rd7
15. c4 Rad8 16. Rd2 Nge7 17. c5 Nxd5 18. exd5 Bf8 19. dxc6 Bxc6 20. Rxd7 Bxd7
21. Rd1 Be7 22. Nxe5 Ba4 23. Rxd8+ Bxd8 24. cxb6 cxb6 25. Bc4 Bf6 26. Nd3 h6
27. Bf4 b5 28. Bd5 Bc3 29. Nc5 Bd4 30. Nxa4 bxa4 31. Bc1 Kf8 32. Bc6 Ke7 33.
Bxa4 Kd6 34. Kf1 Kc7 35. Ke2 f5 36. f3 g5 37. g3 Bg1 38. h3 Bd4 39. h4 gxh4 40.
gxh4 Bf6 41. h5 Bg5 42. Bxg5 hxg5 43. h6 g4 44. fxg4 fxg4 45. h7 g3 46. h8=Q g2
47. Qg7+ Kb6 48. Qxg2 a5 49. Qc6+ Ka7 50. Bb3 axb4 51. Bd5 bxa3 52. Qb7# 1-0

[Event "2023 Norbert Muller Cup (Division C)"]
[Site "Woodvale, Perth WA AUS"]
[Date "2023.11.09"]
[Round "1"]
[White "Massam, Justin"]
[Black "Akers, Gerard"]
[Result "0-1"]
[WhiteElo "1542"]
[BlackElo "1562"]
[PlyCount "98"]
[EventDate "2023.10.11"]
[EventType "tourn"]
[EventRounds "7"]
[EventCountry "AUS"]
[TimeControl "3600+30"]

{Played away from club} 1. d4 e5 2. dxe5 d6 3. Nc3 Nc6 4. exd6 Bxd6 5. Nf3 h6
6. e3 a6 7. Bc4 Bg4 8. h3 Bh5 9. O-O Nf6 10. b3 Qe7 11. Bb2 O-O-O 12. Nd5 Nxd5
13. Bxd5 Be5 14. c3 Qc5 15. e4 f5 16. Be6+ Kb8 17. Qe2 fxe4 18. Qxe4 Rhe8 19.
b4 Qd6 20. Qf5 Bxf3 21. Qxf3 Rxe6 22. Rad1 Qe7 23. Qg4 Rxd1 24. Rxd1 Bd6 25.
Kf1 Re4 26. Qf3 Rf4 27. Qd3 Qf7 28. Rd2 Ne5 29. Qe3 Nc4 30. Qe2 Nxb2 31. Rxb2
Qc4 32. Qxc4 Rxc4 33. Rb3 Be5 34. Ke2 Rxc3 35. Rxc3 Bxc3 36. a3 Bb2 37. a4 b5
38. axb5 axb5 39. Kd3 Kc8 40. g4 g5 41. f3 Kd7 42. Kc2 Be5 43. Kd3 Kd6 44. Ke4
Bc3 45. f4 gxf4 46. Kxf4 Bxb4 47. Kf5 Bd2 48. Ke4 c5 49. Kd3 Ba5 0-1

[Event "2023 Norbert Muller Cup (Division D)"]
[Site "Woodvale, Perth WA AUS"]
[Date "2023.10.11"]
[Round "1"]
[White "Knight, Charles"]
[Black "Nel, Kevin"]
[Result "1-0"]
[WhiteElo "1440"]
[BlackElo "1147"]
[PlyCount "39"]
[EventDate "2023.10.11"]
[EventType "swiss"]
[EventRounds "7"]
[EventCountry "AUS"]
[TimeControl "3600+30"]

1. e4 e5 2. Nc3 Nf6 3. f4 d5 4. fxe5 Ng4 5. exd5 Bc5 6. d4 Bb4 7. e6 Nf2 8.
exf7+ Kf8 9. Kxf2 Qf6+ 10. Nf3 c5 11. Ne4 Qxf7 12. dxc5 Bg4 13. c3 Ba5 14. Bc4
Nd7 15. Rf1 h6 16. Kg1 Bc7 17. d6 Qxc4 18. Ne5+ Nf6 19. Qxg4 h5 20. Ng6+ 1-0

[Event "2023 Norbert Muller Cup (Division D)"]
[Site "Woodvale, Perth WA AUS"]
[Date "2023.10.11"]
[Round "1"]
[White "Owen, Geoffrey"]
[Black "Porteus, Grant"]
[Result "0-1"]
[WhiteElo "1120"]
[BlackElo "1431"]
[PlyCount "82"]
[EventDate "2023.10.11"]
[EventType "swiss"]
[EventRounds "7"]
[EventCountry "AUS"]
[TimeControl "3600+30"]

1. Nf3 d5 2. c4 d4 3. d3 Nc6 4. a3 Nf6 5. b4 a6 6. Bb2 e5 7. c5 Nd7 8. Nbd2 Be7
9. Ne4 b6 10. Qa4 Bb7 11. Qc2 f5 12. Ned2 bxc5 13. Nc4 cxb4 14. Nfxe5 Ndxe5 15.
Nxe5 Nxe5 16. axb4 Bxb4+ 17. Kd1 Ng4 18. Qa4+ c6 19. Qxb4 Nxf2+ 20. Ke1 Nxh1
21. Bxd4 Qh4+ 22. g3 Qxh2 23. Qxb7 Qxg3+ 24. Kd2 O-O 25. Qxc6 Qf4+ 26. e3 Qf2+
27. Be2 Ng3 28. Qd5+ Kh8 29. Bxg7+ Kxg7 30. Qe5+ Rf6 31. Qc7+ Kg6 32. Rb1 Rf7
33. Rb6+ Kg7 34. Qe5+ Kg8 35. Qd5 Qxe2+ 36. Kc3 Rc8+ 37. Kd4 Qg4+ 38. e4 Ne2+
39. Ke5 Re8+ 40. Kd6 Rd8+ 41. Kc6 Rxd5 0-1

[Event "2023 Norbert Muller Cup (Division D)"]
[Site "Woodvale, Perth WA AUS"]
[Date "2023.10.11"]
[Round "1"]
[White "Hounsome, David"]
[Black "Gough, Sebastian"]
[Result "0-1"]
[WhiteElo "1417"]
[BlackElo "1058"]
[PlyCount "52"]
[EventDate "2023.10.11"]
[EventType "swiss"]
[EventRounds "7"]
[EventCountry "AUS"]
[TimeControl "3600+30"]

1. c4 Nf6 2. Nc3 e5 3. g3 Bb4 4. Bg2 Bxc3 5. bxc3 d6 6. d4 e4 7. Bg5 Bf5 8. Qc2
Qe7 9. e3 Nbd7 10. Ne2 h6 11. Bxf6 Nxf6 12. O-O c6 13. Rad1 O-O 14. d5 c5 15.
Nf4 g5 16. Nh3 Qd7 17. Qe2 Bg4 18. f3 Bxh3 19. Rf2 Bxg2 20. Kxg2 exf3+ 21. Qxf3
Qg4 22. Rdf1 Qxf3+ 23. Rxf3 Ne4 24. Rf5 Nd2 25. R1f2 Nxc4 26. e4 Ne3+ 0-1

[Event "2023 Norbert Muller Cup (Division D)"]
[Site "Woodvale, Perth WA AUS"]
[Date "2023.10.11"]
[Round "1"]
[White "Powell, Darren"]
[Black "Markou, Victor"]
[Result "1-0"]
[WhiteElo "1336"]
[BlackElo "1042"]
[PlyCount "110"]
[EventDate "2023.10.11"]
[EventType "swiss"]
[EventRounds "7"]
[EventCountry "AUS"]
[TimeControl "3600+30"]

1. e4 e5 2. Bc4 Nf6 3. Nc3 g6 4. Nf3 Bg7 5. Nxe5 O-O 6. d3 d6 7. Nf3 Nc6 8. h3
Re8 9. Bg5 h6 10. Be3 Ne5 11. Nxe5 dxe5 12. Qd2 g5 13. O-O-O Be6 14. Bxe6 Rxe6
15. f3 Nh5 16. g4 Nf6 17. h4 gxh4 18. Rxh4 Nxe4 19. fxe4 Qxh4 20. Nd5 Rc8 21.
g5 c6 22. Nf6+ Bxf6 23. gxf6 Rxf6 24. Qg2+ Rg6 25. Qf3 Rf8 26. Rh1 Qg3 27. Qxg3
Rxg3 28. Bxh6 Re8 29. Re1 Re6 30. Bd2 Reg6 31. Be3 b6 32. d4 exd4 33. Bxd4 c5
34. Bf2 Rf3 35. Be3 Rgf6 36. Kd2 Re6 37. Kd3 Rc6 38. c4 a6 39. b3 b5 40. cxb5
axb5 41. Rc1 Rd6+ 42. Ke2 Rh3 43. Rxc5 Rh2+ 44. Bf2 Ra6 45. Rc2 Re6 46. Kf3
Rf6+ 47. Kg3 Rhh6 48. Rc8+ Kh7 49. Bd4 Rhg6+ 50. Kh4 Rh6+ 51. Kg4 Rhg6+ 52. Kh4
Rh6+ 53. Kg4 Kg6 54. Bxf6 Kxf6 55. Rc6+ Kg7 1-0

[Event "2023 Norbert Muller Cup (Division D)"]
[Site "Woodvale, Perth WA AUS"]
[Date "2023.10.11"]
[Round "1"]
[White "Lanham, Bruce"]
[Black "Jahn, Harold"]
[Result "0-1"]
[WhiteElo "1215"]
[BlackElo "997"]
[PlyCount "62"]
[EventDate "2023.10.11"]
[EventType "swiss"]
[EventRounds "7"]
[EventCountry "AUS"]
[TimeControl "3600+30"]

1. d4 d5 2. Nf3 Nc6 3. g3 e6 4. Bg2 Nf6 5. O-O h5 6. h3 Qd6 7. Bf4 Qe7 8. c4
Bd7 9. cxd5 Nxd5 10. Bg5 f6 11. Bc1 O-O-O 12. b3 g5 13. Ba3 Qg7 14. Bxf8 Rdxf8
15. e4 Nde7 16. Ne1 g4 17. h4 f5 18. exf5 Nxf5 19. Bxc6 Bxc6 20. Nc2 Qd7 21.
Re1 Nd6 22. Nba3 Qf7 23. Re2 Bf3 24. Ne3 Ne4 25. Nac4 Nc3 26. Qd2 Nxe2+ 27. Kf1
Nxg3+ 28. Ke1 Ne4 29. Ne5 Qf4 30. Ng6 Qh2 31. Nf1 Qg1 {Scoresheet not clear}
0-1

[Event "2023 Norbert Muller Cup (Division A)"]
[Site "Woodvale, Perth WA AUS"]
[Date "2023.10.18"]
[Round "2"]
[White "Maris, Rob"]
[Black "Saxon, Marc"]
[Result "0-1"]
[WhiteElo "2099"]
[BlackElo "2047"]
[PlyCount "90"]
[EventDate "2023.10.11"]
[EventType "tourn"]
[EventRounds "7"]
[EventCountry "AUS"]
[TimeControl "3600+30"]

1. c4 Nf6 2. Nc3 d5 3. e3 g6 4. Nf3 Bg7 5. d4 O-O 6. b3 c5 7. Be2 Bf5 8. O-O
Qc7 9. Bb2 Rd8 10. Rc1 dxc4 11. Bxc4 Nc6 12. Nb5 Qb8 13. Qe1 a6 14. Na3 cxd4
15. exd4 Qf4 16. Qe3 Bh6 17. Qxf4 Bxf4 18. Rcd1 Bg4 19. Be2 Nb4 20. h3 Be6 21.
Nc4 Nxa2 22. Nb6 Rab8 23. Bc4 Nd5 24. Na4 b5 25. Bxd5 Bxd5 26. Nc5 Rbc8 27.
Rfe1 Bd6 28. Nd2 Bxc5 29. dxc5 e6 30. Bf6 Re8 31. Ne4 Bxe4 32. Rxe4 Rxc5 33.
Ra1 Nc3 34. Bxc3 Rxc3 35. Rxa6 Rxb3 36. Rb6 Rc8 37. Re5 Rc1+ 38. Kh2 Rc2 39. f4
Rbb2 40. Rg5 h6 41. Rg3 Rf2 42. Rg4 b4 43. Kg1 h5 44. Rh4 Rxg2+ 45. Kh1 Rgc2
0-1

[Event "2023 Norbert Muller Cup (Division A)"]
[Site "Woodvale, Perth WA AUS"]
[Date "2023.10.18"]
[Round "2"]
[White "Janceski, Alex"]
[Black "Plaganyi, Gyula"]
[Result "0-1"]
[WhiteElo "1878"]
[BlackElo "1990"]
[BlackTitle "CM"]
[PlyCount "149"]
[EventDate "2023.10.11"]
[EventType "tourn"]
[EventRounds "7"]
[EventCountry "AUS"]
[TimeControl "3600+30"]

1. d4 Nf6 2. g3 c5 3. Nf3 cxd4 4. Nxd4 Nc6 5. Bg2 Qb6 6. Nxc6 bxc6 7. O-O g6 8.
b3 Bg7 9. Bb2 O-O 10. c4 a5 11. Bd4 Qc7 12. Nd2 Bb7 13. Rc1 d6 14. Qc2 c5 15.
Bxf6 Bxf6 16. Bxb7 Qxb7 17. Rb1 Qc6 18. Rfd1 Rfb8 19. h3 a4 20. Kh2 Qa6 21. Kg2
axb3 22. axb3 Qc6+ 23. Kg1 Ra6 24. Qd3 Rab6 25. h4 h5 26. Kh2 Bg7 27. f3 Qa8
28. Kh3 Qb7 29. Kg2 Bh6 30. e3 Bg7 31. Kf2 Ra8 32. Rdc1 Rba6 33. Ke2 Qb4 34.
Rc2 Ra1 35. Rcc1 R1a2 36. Rc2 Qb7 37. Rbc1 Qd7 38. Rh1 Ra1 39. Nf1 Rb8 40. Rh2
Be5 41. Kf2 Rba8 42. Nd2 Rd1 43. Qe2 Raa1 44. f4 Bg7 45. Nf3 Qg4 46. Kg2 Qf5
47. Rd2 Rdb1 48. e4 Qe6 49. e5 Rxb3 50. Ng5 Qd7 51. Rh1 Qc6+ 52. Nf3 Rxh1 53.
Kxh1 Qxf3+ 54. Qxf3 Rxf3 55. exd6 exd6 56. Kg2 Rc3 57. Rxd6 Rxc4 58. Rd8+ Bf8
59. f5 Rd4 60. Rb8 c4 61. Kf3 c3 62. Rc8 Rd3+ 63. Kf4 c2 64. Rxc2 gxf5 65. Kxf5
Rxg3 66. Rc4 Kg7 67. Ra4 Be7 68. Rc4 Rh3 69. Rc7 Bxh4 70. Rc2 Rf3+ 71. Ke4 Rf6
72. Rh2 Ra6 73. Kf5 Ra5+ 74. Kf4 Bg5+ 75. Kg3 {Scoresheet not clear} 0-1

[Event "2023 Norbert Muller Cup (Division A)"]
[Site "Woodvale, Perth WA AUS"]
[Date "2023.10.18"]
[Round "2"]
[White "Wolstencroft, Alan"]
[Black "Clarke, Daniel"]
[Result "1-0"]
[WhiteElo "1865"]
[BlackElo "1928"]
[PlyCount "109"]
[EventDate "2023.10.11"]
[EventType "tourn"]
[EventRounds "7"]
[EventCountry "AUS"]
[TimeControl "3600+30"]

1. e4 e5 2. Nf3 Nc6 3. Bb5 a6 4. Ba4 Nf6 5. d3 b5 6. Bb3 Be7 7. O-O d6 8. c3
Na5 9. Bc2 c5 10. Nbd2 O-O 11. Re1 Qc7 12. Nf1 Re8 13. Ng3 Kh8 14. h3 Nc6 15.
Be3 g6 16. d4 cxd4 17. cxd4 Bf8 18. Rc1 Qb7 19. Qd2 Qe7 20. d5 Nd8 21. Bg5 a5
22. Bd3 Ba6 23. Qxa5 Nb7 24. Qd2 Bg7 25. b4 Rec8 26. Rxc8+ Rxc8 27. Rc1 Qd7 28.
a4 Rxc1+ 29. Qxc1 Ng8 30. Qc6 Qxc6 31. dxc6 f6 32. cxb7 Bxb7 33. Bc1 bxa4 34.
Bb5 Ne7 35. Bxa4 f5 36. Bg5 fxe4 37. Nxe4 Nc8 38. Ned2 Nb6 39. Bc2 d5 40. Bd8
Nd7 41. Nb3 d4 42. Nc5 Nxc5 43. bxc5 e4 44. Nd2 d3 45. Ba4 Bc3 46. Nc4 Ba6 47.
Ne3 Bd4 48. c6 d2 49. Bd1 Kg7 50. Nd5 Kf8 51. Bg5 Bc8 52. Be3 Bxe3 53. fxe3 Ke8
54. Nb6 Ba6 55. c7 1-0

[Event "2023 Norbert Muller Cup (Division A)"]
[Site "Woodvale, Perth WA AUS"]
[Date "2023.10.18"]
[Round "2"]
[White "Curthoys, Edward"]
[Black "Gibson, Jacob"]
[Result "0-1"]
[WhiteElo "1934"]
[BlackElo "2018"]
[PlyCount "66"]
[EventDate "2023.10.11"]
[EventType "tourn"]
[EventRounds "7"]
[EventCountry "AUS"]
[TimeControl "3600+30"]

1. d4 d5 2. Bf4 c5 3. c3 Nc6 4. e3 Qb6 5. Qb3 c4 6. Qc2 Nf6 7. Nd2 g6 8. f3 Nh5
9. Bg5 h6 10. Bh4 e5 11. g4 Ng7 12. Ne2 exd4 13. exd4 Bd6 14. Bg3 Qc7 15. Bg2
Ne7 16. Kf2 h5 17. Bxd6 Qxd6 18. h3 Bd7 19. b3 b5 20. a4 cxb3 21. Nxb3 Ne6 22.
axb5 Bxb5 23. Ra5 a6 24. Qa2 Rc8 25. Rc1 h4 26. Qa3 Qc7 27. Rxb5 axb5 28. Qb4
O-O 29. Re1 Ra8 30. Nd2 Ra2 31. Nf1 Nf4 32. Qb1 Qc4 33. Qd1 Nd3+ 0-1

[Event "2023 Norbert Muller Cup (Division B)"]
[Site "Woodvale, Perth WA AUS"]
[Date "2023.10.18"]
[Round "2"]
[White "Michael, Ashley"]
[Black "Balavignan, Ashvin"]
[Result "0-1"]
[WhiteElo "1563"]
[BlackElo "1683"]
[PlyCount "48"]
[EventDate "2023.10.11"]
[EventType "tourn"]
[EventRounds "7"]
[EventCountry "AUS"]
[TimeControl "3600+30"]

1. e4 e6 2. d4 d5 3. e5 c5 4. c3 Nc6 5. Nf3 Qb6 6. Bd3 Bd7 7. O-O cxd4 8. cxd4
Nxd4 9. Nxd4 Qxd4 10. Nc3 Qxe5 11. Re1 Qd6 12. Nb5 Qb8 13. Qf3 Bxb5 14. Bxb5+
Ke7 15. Bf4 Qd8 16. Qa3+ Kf6 17. Be5+ Kg6 18. Qg3+ Qg5 19. Bd3+ f5 20. Qf3 Nf6
21. Bf4 Qh5 22. Qe3 Ne4 23. Be2 Qh4 24. f3 Bc5 0-1

[Event "2023 Norbert Muller Cup (Division B)"]
[Site "Woodvale, Perth WA AUS"]
[Date "2023.11.22"]
[Round "2"]
[White "Browning, Thomas"]
[Black "Leonhardt, Wolfgang"]
[Result "0-1"]
[WhiteElo "1651"]
[BlackElo "1760"]
[PlyCount "61"]
[EventDate "2023.10.11"]
[EventType "tourn"]
[EventRounds "7"]
[EventCountry "AUS"]
[TimeControl "3600+30"]

1. d4 d5 2. c4 c6 3. Nf3 Nf6 4. Bg5 e6 5. Nc3 Be7 6. h4 Nbd7 7. e3 h6 8. Bxf6
Bxf6 9. Rc1 O-O 10. Bd3 dxc4 11. Bb1 Be7 12. g4 f5 13. Qc2 Rf7 14. gxf5 exf5
15. e4 fxe4 16. Qxe4 Nf8 17. Ne5 Rf6 18. Rg1 Bf5 19. Qg2 Ne6 20. Bxf5 Rxf5 21.
Qh3 Rxe5+ 22. dxe5 Nc5 23. Rd1 Nd3+ 24. Kf1 b5 25. Qe6+ Kh8 26. Qxc6 Qf8 27.
Rxd3 cxd3 28. Qxb5 Bxh4 29. Rg2 Rd8 30. Nd5 Qf3 31. Ne3 0-1

[Event "2023 Norbert Muller Cup (Division B)"]
[Site "Woodvale, Perth WA AUS"]
[Date "2023.10.18"]
[Round "2"]
[White "Weijermars, Tristan"]
[Black "Gough, Dylan"]
[Result "1/2-1/2"]
[WhiteElo "1575"]
[BlackElo "1823"]
[PlyCount "68"]
[EventDate "2023.10.11"]
[EventType "tourn"]
[EventRounds "7"]
[EventCountry "AUS"]
[TimeControl "3600+30"]

1. Nc3 e5 2. Nf3 Nc6 3. d4 exd4 4. Nxd4 Bc5 5. Nb3 Bb4 6. Bd2 Nf6 7. a3 Bxc3 8.
Bxc3 O-O 9. e3 d6 10. Be2 Ne4 11. Qd3 Qe7 12. Nd4 Nxd4 13. Qxd4 Nxc3 14. Qxc3
Be6 15. O-O Rac8 16. Qa5 a6 17. Qb4 c5 18. Qf4 Qc7 19. Rfd1 Rfd8 20. Rd2 d5 21.
Qxc7 Rxc7 22. Rad1 Rcd7 23. c3 Kf8 24. g4 f5 25. g5 h6 26. h4 hxg5 27. hxg5 Ke7
28. Kg2 Rh8 29. Bf3 Rhd8 {(=)} 30. Kg3 Bf7 31. Kf4 Ke6 32. Bg2 {(=)} Bh5 33.
Rh1 g6 34. Bh3 Rf8 1/2-1/2

[Event "2023 Norbert Muller Cup (Division C)"]
[Site "Woodvale, Perth WA AUS"]
[Date "2023.10.18"]
[Round "2"]
[White "Hintz, Steven"]
[Black "Akers, Gerard"]
[Result "0-1"]
[WhiteElo "1553"]
[BlackElo "1562"]
[PlyCount "58"]
[EventDate "2023.10.11"]
[EventType "tourn"]
[EventRounds "7"]
[EventCountry "AUS"]
[TimeControl "3600+30"]

1. d4 Nf6 2. c4 e6 3. Nc3 Bb4 4. e3 d5 5. Nf3 c5 6. dxc5 Ne4 7. Qb3 Nc6 8. Bd2
Nxd2 9. Nxd2 O-O 10. Nf3 Qa5 11. Rc1 Rd8 12. cxd5 exd5 13. a3 Bxc5 14. Be2 d4
15. exd4 Bxd4 16. O-O Bb6 17. Bc4 Qf5 18. Qc2 Qxc2 19. Rxc2 Bg4 20. Ng5 Ne5 21.
Ba2 h6 22. Nge4 Rac8 23. Kh1 Nc4 24. Ne2 Nd2 25. Rxd2 Rxd2 26. Nxd2 Bxe2 27.
Re1 Bxf2 28. Rb1 Rc2 29. Nb3 Bc4 0-1

[Event "2023 Norbert Muller Cup (Division C)"]
[Site "Woodvale, Perth WA AUS"]
[Date "2023.11.22"]
[Round "2"]
[White "Brooke, John"]
[Black "Massam, Justin"]
[Result "0-1"]
[WhiteElo "1462"]
[BlackElo "1542"]
[PlyCount "94"]
[EventDate "2023.10.11"]
[EventType "tourn"]
[EventRounds "7"]
[EventCountry "AUS"]
[TimeControl "3600+30"]

1. c4 e5 2. e4 Nf6 3. Nc3 Bb4 4. Bd3 Nc6 5. Nf3 d6 6. a3 Bxc3 7. bxc3 O-O 8. h3
Be6 9. Qe2 Rb8 10. a4 a6 11. a5 b6 12. axb6 Rxb6 13. c5 dxc5 14. Rxa6 Re8 15.
O-O Nh5 16. Rxb6 cxb6 17. Bb5 Nf4 18. Qe3 Bd7 19. Bxc6 Bxc6 20. Nxe5 Qg5 21.
Ng4 Rxe4 22. Qf3 Re6 23. d4 Bxf3 24. Bxf4 Qxf4 25. gxf3 Qxf3 26. Ra1 h6 27. Ne5
Qd5 28. Kh2 cxd4 29. cxd4 Qxd4 30. Ra8+ Kh7 31. Ng4 Qd6+ 32. Kg1 Re1+ 33. Kg2
Qc6+ 34. Kg3 Qxa8 35. Kh4 b5 36. f4 b4 37. Ne5 Qd8+ 38. Kg3 Rxe5 39. fxe5 Qg5+
40. Kf3 Qxe5 41. h4 b3 42. h5 b2 43. Kf2 b1=Q 44. Kf3 Qd4 45. Kg3 Qb3+ 46. Kg2
Qdb2+ 47. Kf1 Qd1# 0-1

[Event "2023 Norbert Muller Cup (Division C)"]
[Site "Woodvale, Perth WA AUS"]
[Date "2023.10.18"]
[Round "2"]
[White "Curtis, Calan"]
[Black "Sethuraman, Jaswanth Ram"]
[Result "1-0"]
[WhiteElo "1431"]
[BlackElo "1298"]
[PlyCount "81"]
[EventDate "2023.10.11"]
[EventType "tourn"]
[EventRounds "7"]
[EventCountry "AUS"]
[TimeControl "3600+30"]

1. d4 d5 2. Nc3 Nf6 3. Bf4 e6 4. e3 Bb4 5. Bd3 Bxc3+ 6. bxc3 Nc6 7. Nf3 Bd7 8.
c4 h6 9. Rb1 b6 10. c3 a5 11. h3 Ra7 12. Qc2 Qe7 13. Bh2 a4 14. cxd5 exd5 15.
Bb5 Ne4 16. Bxa4 Nxc3 17. Bxc6 Nxb1 18. Bxd7+ Qxd7 19. Qxb1 O-O 20. Ne5 Qa4 21.
O-O f6 22. Ng6 Rf7 23. Qb3 Qxa2 24. Qxa2 Rxa2 25. Nf4 c6 26. Rc1 Rfa7 27. Bg3
g5 28. Nh5 Kf7 29. Rxc6 Ra1+ 30. Kh2 Rb1 31. Rxf6+ Ke7 32. Bd6+ Kd8 33. Rf8+
Kd7 34. Rf7+ Kxd6 35. Rxa7 b5 36. Ra6+ Kc7 37. Nf6 b4 38. Nxd5+ Kb7 39. Rb6+
Ka7 40. Rxb4 Rxb4 41. Nxb4 1-0

[Event "2023 Norbert Muller Cup (Division C)"]
[Site "Woodvale, Perth WA AUS"]
[Date "2023.10.18"]
[Round "2"]
[White "Walker, Colin"]
[Black "Boswarva, Ernest"]
[Result "0-1"]
[WhiteElo "1461"]
[BlackElo "1537"]
[PlyCount "86"]
[EventDate "2023.10.11"]
[EventType "tourn"]
[EventRounds "7"]
[EventCountry "AUS"]
[TimeControl "3600+30"]

1. c4 c6 2. Nc3 d5 3. cxd5 cxd5 4. d4 Nf6 5. g3 e6 6. Bg2 Nc6 7. e3 Bb4 8. Nge2
Ne4 9. O-O f5 10. a3 Qa5 11. Rb1 Nxc3 12. bxc3 Bxc3 13. Nxc3 Qxc3 14. Rb3 Qc4
15. Bd2 O-O 16. Re1 a6 17. Qb1 Qa4 18. Qb2 Nd8 19. Bb4 Rf7 20. Bc5 Qd7 21. Bf1
b5 22. Rc1 Nc6 23. Bb4 Bb7 24. Be1 Qe7 25. Rb1 e5 26. a4 exd4 27. axb5 Ne5 28.
bxa6 Bxa6 29. Bxa6 Nf3+ 30. Kh1 Nxe1 31. Rxe1 Qe4+ 32. Kg1 Rxa6 33. Qe2 Re6 34.
Qd1 Rfe7 35. f3 Qe5 36. Kf2 g5 37. Re2 f4 38. gxf4 gxf4 39. Rb1 fxe3+ 40. Kg1
Rh6 41. Rg2+ Rg7 42. Rxg7+ Kxg7 43. Qe2 d3 0-1

[Event "2023 Norbert Muller Cup (Division D)"]
[Site "Woodvale, Perth WA AUS"]
[Date "2023.10.18"]
[Round "2"]
[White "Porteus, Grant"]
[Black "Dawoud, Ahmad"]
[Result "0-1"]
[WhiteElo "1431"]
[BlackElo "966"]
[PlyCount "55"]
[EventDate "2023.10.11"]
[EventType "swiss"]
[EventRounds "7"]
[EventCountry "AUS"]
[TimeControl "3600+30"]

1. d4 d5 2. Bf4 Bf5 3. e3 e6 4. Nf3 Bd6 5. Ne5 Bxe5 6. Bxe5 Nf6 7. c4 Nbd7 8.
Bg3 Nb6 9. c5 Nbd7 10. Nc3 a6 11. Qb3 Ra7 12. Qa4 c6 13. Bd6 Ne4 14. Nxe4 Bxe4
15. b4 Qf6 16. b5 e5 17. bxc6 bxc6 18. Qxc6 exd4 19. Rd1 dxe3 20. f3 Qc3+ 21.
Ke2 Qc2+ 22. Kxe3 d4+ 23. Kf4 Bxc6 24. Bd3 Qxg2 25. Rhe1+ Kd8 26. Be4 Qxh2+ 27.
Kf5 g6+ 28. Kg5 0-1

[Event "2023 Norbert Muller Cup (Division D)"]
[Site "Woodvale, Perth WA AUS"]
[Date "2023.10.18"]
[Round "2"]
[White "Gough, Sebastian"]
[Black "Powell, Darren"]
[Result "1-0"]
[WhiteElo "1058"]
[BlackElo "1336"]
[PlyCount "143"]
[EventDate "2023.10.11"]
[EventType "swiss"]
[EventRounds "7"]
[EventCountry "AUS"]
[TimeControl "3600+30"]

1. c4 g6 2. Nf3 Bg7 3. e3 e5 4. Nc3 Nc6 5. b3 d6 6. e4 Bg4 7. h3 Bxf3 8. Qxf3
Nd4 9. Qd3 Nf6 10. f3 Nh5 11. Ne2 Qh4+ 12. g3 Nxg3 13. Nxg3 Qxg3+ 14. Kd1 Nxf3
15. Be2 Qf4 16. Qxf3 Qh4 17. Rf1 Qe7 18. h4 Rf8 19. Qg4 f5 20. exf5 Rf6 21.
fxg6 Rxg6 22. Qh5 Bf6 23. Rg1 O-O-O 24. Rxg6 hxg6 25. Qxg6 e4 26. Qf5+ Kb8 27.
h5 Bxa1 28. h6 Rh8 29. Bg4 Rf8 30. Qg6 Bf6 31. h7 Qe5 32. Qg8 Qe8 33. Bd7 Qd8
34. Qe6 a6 35. d4 Bxd4 36. Bh6 Rh8 37. Qxe4 Bc3 38. Qd3 Be5 39. Qf5 Qh4 40. Qg6
Qd4+ 41. Ke1 Qa1+ 42. Kf2 Qxa2+ 43. Kg1 Qh2+ 44. Kf1 Bf4 45. Qg8+ Rxg8 46.
hxg8=Q+ Ka7 47. Bg7 Qg3 48. Bd4+ c5 49. Qxg3 Bxg3 50. Bc3 Bf4 51. Kf2 a5 52.
Bxa5 b6 53. Bc3 Kb7 54. Bb5 Bc1 55. Kf3 Kc7 56. Ke4 Bg5 57. Kf5 Be7 58. Ke6 Kd8
59. Bg7 Bg5 60. Kxd6 Bf4+ 61. Kc6 Bc7 62. Bf8 Kc8 63. Ba6+ Kb8 64. Be7 Bh2 65.
Kxb6 Bc7+ 66. Kxc5 Ka7 67. Bd6 Bxd6+ 68. Kxd6 Kxa6 69. c5 Kb7 70. Kd7 Kb8 71.
c6 Ka7 72. c7 1-0